Les règlements des Assemblées législatives / (Record no. 125934)

MARC details
000 -LEADER
campo de control de longitud fija 01126nam a2200241 i 4500
001 - NÚMERO DE CONTROL
campo de control 125934
003 - IDENTIFICADOR DE NÚMERO DE CONTROL
campo de control ES-MaACL
005 - FECHA Y HORA DE LA ÚLTIMA TRANSACCIÓN
campo de control 20230906192726.0
007 - CAMPO FIJO DE DESCRIPCIÓN FÍSICA--INFORMACIÓN GENERAL
campo de control de longitud fija t|
008 - DATOS DE LONGITUD FIJA--INFORMACIÓN GENERAL
campo de control de longitud fija 070214m19061907fr r ||||1| fre d
245 04 - MENCIÓN DEL TÍTULO
Título Les règlements des Assemblées législatives /
Mención de responsabilidad, etc. édition et traduction par Félix Moreau et Joseph Delpech ; avec une préface de Charles Benoist.
260 ## - PUBLICACIÓN, DISTRIBUCIÓN, ETC.
Lugar de publicación, distribución, etc. Paris :
Nombre del editor, distribuidor, etc. V. Giard & E. Brière,
Fecha de publicación, distribución, etc. 1906-1907.
300 ## - DESCRIPCIÓN FÍSICA
Extensión 2 v. ;
Dimensiones 22 x 14 cm.
490 1# - MENCIÓN DE SERIE
Mención de serie Bibliothèque internationale de droit public
505 8# - NOTA DE CONTENIDO CON FORMATO
Nota de contenido con formato Contiene: t. I: Allemagne (empire, Prusse), Angleterre, Autriche-Hongrie (délégations, parlements autrichien et hongrois), Belgique ---- t. II: Espagne, Etats-Unis, France, Grèce, Italie, Norvège, Pays-Bas, Suède, Suisse (confédération, cantons--Berne, Fribourg, Unterwald-le-Haut)
650 #4 - PUNTO DE ACCESO ADICIONAL DE MATERIA--TÉRMINO DE MATERIA
Término de materia o nombre geográfico como elemento de entrada Parlamentos-
Subdivisión geográfica Europa.
9 (RLIN) 155868
700 1# - ENTRADA AGREGADA--NOMBRE PERSONAL
Nombre de persona Moreau, Félix.
9 (RLIN) 83206
700 1# - ENTRADA AGREGADA--NOMBRE PERSONAL
Nombre de persona Delpech, Joseph.
9 (RLIN) 43581
700 1# - ENTRADA AGREGADA--NOMBRE PERSONAL
Nombre de persona Benoist, Charles.
9 (RLIN) 27745
830 0# - PUNTO DE ACCESO ADICIONAL DE SERIE-TÍTULO UNIFORME
Título uniforme Bibliothèque internationale de droit public
9 (RLIN) 180878
852 ## - LOCALIZACIÓN
Ubicación ES-MaACL
Número de control de estantería F-3112-13
Holdings
Estatus retirado Estado de pérdida Estado de daño No para préstamo Biblioteca de origen Biblioteca actual Ubicación en estantería Fecha de adquisición Fuente de adquisición Total de préstamos Signatura topográfica completa Código de barras Visto por última vez Precio de reemplazo Tipo de ítem Koha
        Biblioteca del Ateneo de Madrid Biblioteca del Ateneo de Madrid Depósito 2 17/01/2008     F-3112-13 1131181 23/02/2023 23/02/2023 Libro impreso